Invisible NBA Teams Quiz Stats

 Plays Quiz Updated Dec 15, 2016

Support Sporcle.
Go Orange.
Score 0/30 Timer 02:00
1 Play Today
% Correct
Golden State Warriors
88.5%
Los Angeles Lakers
88.4%
Boston Celtics
85.1%
Cleveland Cavaliers
84.7%
Miami Heat
83.2%
Los Angeles Clippers
82%
New York Knicks
81.2%
San Antonio Spurs
79.7%
Brooklyn Nets
79.2%
Chicago Bulls
79.1%
Houston Rockets
77.6%
Oklahoma City Thunder
76.3%
Dallas Mavericks
76%
Philadelphia 76ers
75.1%
Orlando Magic
74.3%
% Correct
Milwaukee Bucks
74.1%
Phoenix Suns
71.8%
Sacramento Kings
71.4%
Toronto Raptors
70%
Utah Jazz
69.9%
Atlanta Hawks
69.7%
Charlotte Hornets
69.5%
New Orleans Pelicans
68.9%
Detroit Pistons
68.8%
Portland Trail Blazers
68.8%
Minnesota Timberwolves
68.5%
Washington Wizards
67.1%
Indiana Pacers
66.4%
Denver Nuggets
62.8%
Memphis Grizzlies
62.6%

You're not logged in!

Compare scores with friends on all Sporcle quizzes.
OR
Log In
Forgot?

From the Vault

Mario, Link or Kirby?

by Exodiafinder687

Better a NintenDO than a NintenDON'T.
Remove Ads.
Support Sporcle.
Get the best of Sporcle when you Go Orange. This ad-free experience offers more features, more stats, and more fun while also helping to support Sporcle. Thank you for becoming a member.

Show Comments

Extras

Top Quizzes Today


Score Distribution

Your Account Isn't Verified!

In order to create a playlist on Sporcle, you need to verify the email address you used during registration. Go to your Sporcle Settings to finish the process.

Report this User

Report this user for behavior that violates our Community Guidelines.

Details: